00478nam a2200181 a 4500001001300000003000900013005001700022008004100039020001000080082001600090245003700106260004700143300000800190500003500198505001300233650001700246710003300263nice12345678IN_TiNIC20260116012354.0050524s1983 sina grp 000 0 eng  ac10000a275.1bCCA1 aAsian Christian Leaders in China aSingapurbChristian Conference Indiac1983 a72p aincludes index and biblioraphy2 aAppendix aChurch-China2 aChristian Conference of Asia